Statistics for ALL Hetalia Characters

Click here to take the quiz!

General Stats

  • This quiz has been taken 123 times
    (68 since last reset)
  • The average score is 54 of 71

Answer Stats

Answer% Correct
Austria
100%
China
100%
England
100%
France
100%
Japan
100%
Veneziano
100%
America
97%
Germany
97%
Hungary
97%
Latvia
97%
Romano
97%
Russia
97%
Spain
97%
Sweden
97%
Denmark
94%
Estonia
94%
Finland
94%
Iceland
94%
Lithuania
94%
Norway
94%
Prussia
94%
Sealand
91%
Switzerland
91%
Belarus
88%
Canada
88%
Greece
88%
Liechtenstein
88%
Ukraine
88%
Australia
84%
Poland
84%
Romania
84%
Taiwan
84%
Turkey
84%
Belgium
81%
Egypt
81%
India
81%
Netherlands
81%
Vietnam
81%
Slovakia
78%
Portugal
75%
Czechia
72%
Luxembourg
72%
New Zealand
72%
South Korea
72%
Thailand
72%
Wy
72%
Bulgaria
69%
Cuba
69%
Monaco
69%
Roman Empire
69%
Seychelles
66%
Germania
63%
Holy Roman Empire
59%
Hutt River
59%
Hong Kong
56%
Indonesia
56%
Moldova
56%
Philippines
56%
Seborga
56%
Ladonia
53%
Malaysia
53%
Cyprus
50%
Molossia
50%
Niko Niko Republic
50%
Singapore
50%
Macau
44%
Kugelmugel
41%
Cameroon
34%
Ancient Egypt
31%
Ancient Greece
28%
TRNC
13%

Score Distribution

Percentile by Number Answered

Percent of People with Each Score

Your Score History

You have not taken this quiz since the last reset